All Pokémon with Magnet Pull - Statistics

General Stats
  • This quiz has been taken 8 times
  • The average score is 7 of 9
Answer Stats
(Avail)ability Pokémon % Correct
First Ability Magnemite
100%
First Ability Magneton
100%
First Ability Magnezone
100%
First Ability Alolan Geodude
80%
First Ability Alolan Golem
80%
First Ability Alolan Graveler
80%
Second Ability Nosepass
80%
Second Ability Probopass
80%
Only Ability Meltan
40%
No matching quizzes found
Score Distribution
Percent of People with Each Score
Percentile by Number Answered
Your Score History
You have not taken this quiz